Vaidyakasāroddhāraḥ. (Record no. 68998)

MARC details
000 -LEADER
fixed length control field 00660cam a22002531 4500
001 - CONTROL NUMBER
control field sa 66003613
003 - CONTROL NUMBER IDENTIFIER
control field DLC
005 - DATE AND TIME OF LATEST TRANSACTION
control field 20260227112237.0
008 - FIXED-LENGTH DATA ELEMENTS--GENERAL INFORMATION
fixed length control field 910117s1964 ii 000 0 sano
010 ## - LIBRARY OF CONGRESS CONTROL NUMBER
LC control number sa 66003613
035 ## - SYSTEM CONTROL NUMBER
System control number (OCoLC)22976511
040 ## - CATALOGING SOURCE
Original cataloging agency DLC
Transcribing agency WaU
Modifying agency DLC
042 ## - AUTHENTICATION CODE
Authentication code premarc
050 00 - LIBRARY OF CONGRESS CALL NUMBER
Classification number R127.2
Item number .B7
100 0# - MAIN ENTRY--PERSONAL NAME
Personal name Brajanātha Śarmā.
245 10 - TITLE STATEMENT
Title Vaidyakasāroddhāraḥ.
250 ## - EDITION STATEMENT
Edition statement [1st ed.]
260 ## - PUBLICATION, DISTRIBUTION, ETC.
Date of publication, distribution, etc. 1964.
300 ## - PHYSICAL DESCRIPTION
Extent 17, 416 p.
Dimensions 26 cm.
500 ## - GENERAL NOTE
General note In Sanskrit; introd. in English.
650 #0 - SUBJECT ADDED ENTRY--TOPICAL TERM
Topical term or geographic name entry element Medicine, Ayurvedic.
700 1# - ADDED ENTRY--PERSONAL NAME
Personal name Tarkatirtha, Dharmanath,
Dates associated with a name -1962.
700 1# - ADDED ENTRY--PERSONAL NAME
Personal name Choudhury, Pratap Chandra.

No items available.

Powered by Koha